The Pakistan Penal Code 1860: (Record no. 586887)

000 -LEADER
fixed length control field 00369nam a22001337a 4500
082 ## - DEWEY DECIMAL CLASSIFICATION NUMBER
Classification number 345.5491 MAH
100 ## - MAIN ENTRY--PERSONAL NAME
Personal name Mahmood, M.
245 ## - TITLE STATEMENT
Title The Pakistan Penal Code 1860:
Remainder of title As Amended up to date /
260 ## - PUBLICATION, DISTRIBUTION, ETC.
Place of publication, distribution, etc. Lahore :
Name of publisher, distributor, etc. Al-Qanoon Publishers,
Date of publication, distribution, etc. 2021.
300 ## - PHYSICAL DESCRIPTION
Dimensions 24 cm.
942 ## - ADDED ENTRY ELEMENTS (KOHA)
Source of classification or shelving scheme
Koha item type Book
Holdings
Withdrawn status Lost status Source of classification or shelving scheme Materials specified (bound volume or other part) Damaged status Not for loan Permanent Location Current Location Shelving location Date acquired Source of acquisition Total Checkouts Total Renewals Full call number Barcode Date last seen Date last checked out Price effective from Koha item type
      1056 p. Volume-1     NUST Law School (NLS) NUST Law School (NLS) Law 11/28/2021 Federal Law House 4 1 345.5491 MAH CL-711 02/16/2026 01/28/2026 11/28/2021 Book
      1674 p. Volume-2     NUST Law School (NLS) NUST Law School (NLS) Law 11/28/2021 Federal Law House 6   345.5491 MAH CL-712 02/16/2026 02/09/2026 11/28/2021 Book
      1056 p. Volume-1     NUST Law School (NLS) NUST Law School (NLS) Law 11/28/2021 Federal Law House 8 2 345.5491 MAH CL-714 02/13/2026 01/20/2026 11/28/2021 Book
      1674 p. Volume-2     NUST Law School (NLS) NUST Law School (NLS) Law 11/28/2021 Federal Law House 3 1 345.5491 MAH CL-713 11/19/2024 10/30/2024 11/28/2021 Book
© 2023 Central Library, National University of Sciences and Technology. All Rights Reserved.